| 000 | 01223cad a22002775a 4500 | ||
|---|---|---|---|
| 001 | L158802 | ||
| 008 | 141006s2015 xxk f 000 0 eng d | ||
| 020 | _a9781783210633 | ||
| 035 | _a(Sirsi) u158802 | ||
| 041 | 0 | _aeng | |
| 100 | 1 | _aFaulkner, Kate | |
| 245 | 0 | 0 |
_aIndependent report on the private rented sector _h[electronic resource] |
| 260 | _ac2015 | ||
| 520 | _aExamines the impact of proposed housing polices on the private rented sector (PRS) in England. The report looks at the wider roles and responsibilities of those involved in the rental process and how the PRS needs to change to meet the needs of a growing tenant population, without over burdening the sector with so much legislation and control that it results in a lack of stock in the future. | ||
| 590 | _aKA | ||
| 650 | 2 | 4 | _aPRS |
| 650 | 2 | 4 | _aPRIVATE RENTED SECTOR |
| 650 | 2 | 4 | _aIMMIGRATION ACT 2014 |
| 651 | 4 | _aEngland | |
| 690 |
_aResidential property _96266 |
||
| 690 |
_aLandlord and tenant _96252 |
||
| 690 | _aLease/Letting | ||
| 690 |
_aProperty management _96262 |
||
| 856 | 4 | 0 |
_uhttps://katefaulkner.files.wordpress.com/2015/02/independent-report-prs_final.pdf _zView the item free of charge from www.rics.org |
| 942 | _n0 | ||
| 999 |
_c115513 _d115513 |
||